000 00285nam a22001337a 4500
003 SGT
082 _a612
_bT15H
100 _aHALL,JOHN E.
245 _aTEXT BOOK OF MEDICAL PHYSIOLOGY
260 _aDELHI
_bELSEVIER
_c2015
300 _a907
650 _aPHYSIOLOGY
942 _2ddc
_cBK
_015
999 _c8471
_d8471